000 01524nam a2200373 i 4500
001 000021576
003 DO-SdBNP
005 20250623101251.0
007 ta
008 100909t19932003dr r 001 0dspa d
020 _a9993488577
040 _aDO-SdBNP
_bspa
_cBNPHU
_erda
082 4 _a972.93
_bM516d, 2003
_222
100 1 _aMejía Soliere, Luis F.,
_d1892-1971
_944947
_eautor
245 1 0 _aDe Lilís a Trujillo /
_cLuis F. Mejía Soliere ; Introducción, Mariano Mella ; prólogo, Juan Tomás Tavárez Kelner ; cuidado de edición, Eleanor Grimaldi Silié.
264 _aSanto Domingo :
_bSociedad Dominicana de Bibliófilos,
_c2003.
300 _a352 páginas ;
_c24 cm.
336 _2rdacontent
_atexto
_btxt
337 _2rdamedia
_asin mediación
_bn
338 _2rdacarrier
_avolumen
_bnc
490 _aClásicos Bibliófilos
500 _aIncluye datos biográficos del autor en la contracubierta.
504 _aBibliografía : p. 343.
533 _aFacsímil :
_bSanto Domingo :
_cSociedad Dominicana de Bibliófilos,
_d1993.
590 _aInventariado, 2019/BT
600 1 0 _a Heureaux, Ulises,
_d1845-1899
_9598
600 1 0 _aTrujillo Molina, Rafael Leónidas,
_d 1891-1961
_976764
651 0 _aRepública Dominicana --
_xHistoria --
_y1844-1930
_91009
700 1 _aMella, Mariano,
_eintroducció
_92101
700 1 _aTavárez Kelner, Juan Tomás,
_eprólogo
_944948
700 1 _aGrimaldi Silié, Eleanor,
_d1948-
_eedición
_985713
910 _aValidado. Control de calidad. EMS
942 _2ddc
_cLBS1
999 _c21075
_d21075